Normal view MARC view
  • DAS.B.C AND MUKHERJEE B.N

Entry Personal Name

Number of records used in: 1

001 - CONTROL NUMBER

  • control field: 8856

003 - CONTROL NUMBER IDENTIFIER

  • control field: JRU

005 - DATE AND TIME OF LATEST TRANSACTION

  • control field: 20260128124641.0

008 - FIXED-LENGTH DATA ELEMENTS

  • fixed length control field: 260128|| aca||aabn | a|a d

040 ## - CATALOGING SOURCE

  • Original cataloging agency: JRU
  • Transcribing agency: JRU

100 ## - HEADING--PERSONAL NAME

  • Personal name: DAS.B.C AND MUKHERJEE B.N

670 ## - SOURCE DATA FOUND

  • Source citation: Work cat.: (JRU)9030: DAS.B.C AND MUKHERJEE B.N, DIFFERENTIAL CALCULUS, 2012